La Paz se construye con muchas piezas /

Zapisane w:
Opis bibliograficzny
1. autor: Hernández Pico, Juan
Format: Texto
Hasła przedmiotowe:
Etykiety: Dodaj etykietę
Nie ma etykietki, Dołącz pierwszą etykiete!

MARC

LEADER 00000 a a2200000 04500
001 7086
003
040
100 |a Hernández Pico, Juan  
245 |a La Paz se construye con muchas piezas /  |c Juan Hernández Pico 
650 |a PAZ  
650 |a PRIVATIZACION  
650 |a ADMINISTRACION DE JUSTICIA  
650 |a CORRUPCION  
650 |a ONU  
650 |a GOBERNABILIDAD  
773 |g volumen 13, número 154; páginas 31-34  
999 |c 20819  |d 20819